000 00454nmm a2200169Ia 4500
008 251105s9999||||xx |||||||||||||||||und||
020 _a9788498958522
041 _aspa
100 _aRodríguez, Julio
245 0 _aTierra Batida
264 _a[Madrid, España] :
_bVisor Libros,
_c2013
300 _a80 páginas
490 _aVisor de Poesía
650 _aSpanish poetry
856 _uhttps://public.digitaliapublishing.com/a/41530
942 _cCF
999 _c92314
_d92314